Group Identity and Relation-Specific Investment: An Experimental Investigation

Problém zdržania sa pri investovaní zohral ústrednú úlohu pri štúdiu firemných hraníc, ktoré sú základným prvkom ekonomického štúdia organizácií. Študovanie predtým nepreskúmaného mechanizmu, pomocou ktorého by integrácia medzi dvoma stranami mohla vyriešiť problém. Domienka, založená na teórii soci...

Full description

Saved in:
Bibliographic Details
Main Author: Morita, Hodaka
Other Authors: Servátka, Maroš, 1976-
Format: Book Chapter
Language:English
Subjects:
Tags: Add Tag
No Tags, Be the first to tag this record!

MARC

LEADER 00000naa a2200000 4500
001 0303161
005 20240725092831.5
041 0 |a eng 
044 |a NL 
245 1 0 |a Group Identity and Relation-Specific Investment: An Experimental Investigation  |c Hodaka Morita, Maroš Servátka 
520 |a Problém zdržania sa pri investovaní zohral ústrednú úlohu pri štúdiu firemných hraníc, ktoré sú základným prvkom ekonomického štúdia organizácií. Študovanie predtým nepreskúmaného mechanizmu, pomocou ktorého by integrácia medzi dvoma stranami mohla vyriešiť problém. Domienka, založená na teórii sociálnej identity hovorí, že skupinová identita posilňuje altruistické preferencie agentov voči členom skupiny, čo pomáha vyriešiť problém zdržania sa investovania. Experiment potvrdil naše dohady. 
610 2 0 |a altruizmus 
610 2 0 |a experimenty 
610 2 0 |a problémy spoločenské 
610 2 0 |a identita 
610 2 0 |a identita podniková 
610 2 0 |a integrácia 
610 2 0 |a preferencie 
610 2 0 |a investície 
610 2 0 |a tímy pracovné 
100 1 |a Morita, Hodaka 
700 1 |a Servátka, Maroš, 1976-